|
|
|
|
| LEADER |
00000nam0a2200000 4500 |
| 001 |
39328 |
| 005 |
20231101210543.0 |
| 010 |
|
|
|a 5030034145
|
| 035 |
|
|
|a (RuTPU)RU\TPU\book\40171
|
| 090 |
|
|
|a 39328
|
| 100 |
|
|
|a 20020327d2001 m y0rusy50 ca
|
| 101 |
0 |
|
|a rus
|
| 102 |
|
|
|a RU
|
| 105 |
|
|
|a a j 001zy
|
| 200 |
1 |
|
|a Квантовая механика и квантовая химия
|e учебник
|f Н. Ф. Степанов
|
| 210 |
|
|
|a Москва
|c Мир
|d 2001
|
| 215 |
|
|
|a 516 с.
|c ил.
|
| 225 |
1 |
|
|a Теоретические основы химии
|
| 320 |
|
|
|a Библиогр.: с. 506-508.
|
| 320 |
|
|
|a Предм. указ.: с. 509-516.
|
| 606 |
1 |
|
|a Квантовая механика
|2 stltpush
|3 (RuTPU)RU\TPU\subj\14211
|9 40667
|
| 606 |
1 |
|
|a Квантовая химия
|2 stltpush
|3 (RuTPU)RU\TPU\subj\69462
|9 84313
|
| 610 |
1 |
|
|a физика
|
| 610 |
1 |
|
|a молекулярные задачи
|
| 610 |
1 |
|
|a метод Хюккеля
|
| 610 |
1 |
|
|a кристаллическое поле
|
| 610 |
1 |
|
|a корреляционные диаграммы
|
| 610 |
1 |
|
|a движение
|
| 610 |
1 |
|
|a химическая связь
|
| 610 |
1 |
|
|a ядра
|
| 610 |
1 |
|
|a учебники
|
| 675 |
|
|
|a 530.145.6(075.8)
|v 3
|
| 675 |
|
|
|a 544.18(075.8)
|v 3
|
| 700 |
|
1 |
|a Степанов
|b Н. Ф.
|g Николай Федорович
|
| 801 |
|
1 |
|a RU
|b 63413507
|c 20020327
|g PSBO
|
| 801 |
|
2 |
|a RU
|b 63413507
|c 20201117
|g PSBO
|
| 900 |
|
|
|a Теоретические и инженерные основы химической технологии
|
| 942 |
|
|
|c BK
|
| 951 |
|
|
|a 510500
|b 011000
|
| 959 |
|
|
|a 25/20050404
|d 1
|e 206
|f НФ:1
|